Central Library OPAC University of Rajshahi

The Germ : (Record no. 18444)

MARC details
000 -LEADER
fixed length control field 00675nam a2200205 a 4500
001 - CONTROL NUMBER
control field 18444
003 - CONTROL NUMBER IDENTIFIER
rucl marc code BD-RjUL
005 - DATE AND TIME OF LATEST TRANSACTION
control field 20211209000303.0
008 - FIXED-LENGTH DATA ELEMENTS--GENERAL INFORMATION
fixed length control field 140220s1965 nyu 000 0 eng d
035 ## - SYSTEM CONTROL NUMBER
System control number (BD-RjUL)18502
040 ## - CATALOGING SOURCE
Original cataloging agency NMQU
Language of cataloging eng
Transcribing agency NMQU
Modifying agency ABN-SNR
-- BD-RjUL
041 ## - LANGUAGE CODE
Language code of text/sound track or separate title eng
082 04 - DEWEY DECIMAL CLASSIFICATION NUMBER
Classification number 700.94209034
Author mark and year GER 1965
Edition number 23
245 04 - TITLE STATEMENT
Title The Germ :
Remainder of title thoughts towards nature in poetry, literature and art /
Statement of responsibility, etc. with an introduction by William Michael Rossetti.
260 ## - PUBLICATION, DISTRIBUTION, ETC. (IMPRINT)
Place of publication, distribution, etc. New York :
Name of publisher, distributor, etc. Ams Press, Inc.,
Date of publication, distribution, etc. 1965.
300 ## - PHYSICAL DESCRIPTION
Pagination 192 p. ;
Size 24 cm.
650 #0 - SUBJECT ADDED ENTRY--TOPICAL TERM
Topical term or geographic name as entry element Pre-Raphaelitism
Geographic subdivision England.
9 (RLIN) 52799
700 1# - ADDED ENTRY--PERSONAL NAME
Personal name Rossetti, William Michael,
Dates associated with a name 1829-1919.
942 ## - ADDED ENTRY ELEMENTS (KOHA)
Source of classification or shelving scheme Dewey Decimal Classification
Koha item type Books
Holdings
Lost status Source of classification or shelving scheme Damaged status Not for loan Collection code Permanent Location Current Location Shelving location Date acquired Source of acquisition Cost, normal purchase price Total Checkouts Full call number Date last seen Copy number Koha item type
  Dewey Decimal Classification   Not For Loan Non-fiction Central Library, University of Rajshahi Central Library, University of Rajshahi Reading Room 21/01/1971 Zeitlinger 0.00   700.94209034 GER 1965 20/02/2014 C-1 Books